000 00888nam0a22002531 4500
001 rc\3524198
005 20130115143442.2
035 _a(NLR Aleph) 007624664
090 _a5957871
_c5957871
100 _a20130115d1972 |||y0rusy50 ca
101 0 _arus
102 _aRU
105 _aa z |||||
200 1 _aСтандартизация в радиоэлектронике
_e[Учеб. пособие
_fВоен.-воздуш. инж. акад. им. проф. Н.Е. Жуковского
210 _aМосква]
_cБ. и.
_d1972
215 _a277 с.
_cил.
_d20
320 _aБиблиогр.: с. 273-274
700 1 _aВавилов
_bН. Ф.
_gНиколай Федорович
701 1 _aНикулин
_bС. М.
_gСтанислав Михайлович
801 0 _aRU
_bNLR
_gpsbo
801 1 _aRU
_bELAR
_2rusmarc
852 _aNLR
_j72-3/12172
942 _cBOOK
980 _aNB